[Event "45th World U20 ch"]
[Site "Yerevan ARM"]
[Date "2006.10.04"]
[Round "2.26"]
[White "Geller, Jakov"]
[Black "Hambardzumian, Yuri"]
[Result "1-0"]
[WhiteElo "2501"]
[BlackElo "2305"]
[EventDate "2006.10.02"]
[PlyCount "149"]

1.e4 c5 2.Nf3 d6 3.d4 cxd4 4.Nxd4 Nf6 5.Nc3 a6 6.a4 e5 7.Nf3 Qc7 8.Bg5 
Nbd7 9.Nd2 h6 10.Be3 b6 11.Bc4 Bb7 12.Qe2 Be7 13.O-O O-O 14.Rfd1 Rfc8 15.
Bb3 Nc5 16.Bxc5 Qxc5 17.Nc4 Rab8 18.a5 bxa5 19.Rxa5 Qc7 20.Ra4 Bf8 21.Ne3 
Bc6 22.Rc4 Qb7 23.Qf3 a5 24.Ng4 Nxg4 25.Qxg4 a4 26.Nxa4 Bd7 27.Qe2 Bb5 28.
Nc3 Bxc4 29.Bxc4 Qxb2 30.Nd5 Ra8 31.g3 Ra1 32.Rxa1 Qxa1+ 33.Kg2 Kh8 34.Bb3
Qa7 35.h4 g6 36.h5 Bg7 37.Qg4 Rf8 38.Ne3 gxh5 39.Qxh5 Qe7 40.Nf5 Qf6 41.
Qd1 Rd8 42.Qd5 Bf8 43.Qb7 Kg8 44.Bd5 Re8 45.Qc7 Qg6 46.Bc6 Re6 47.Qc8 Qf6 
48.Bd5 Re7 49.Qd8 Re6 50.Qb8 Re7 51.Nxd6 Rd7 52.Nc4 Kg7 53.Ne3 Bc5 54.Nf5+
Kh7 55.Qc8 Rxd5 56.exd5 e4 57.Qxc5 Qxf5 58.Qd4 Qf3+ 59.Kg1 e3 60.Qxe3 Qd1+
61.Kh2 Qh5+ 62.Kg2 Qxd5+ 63.Qf3 Qe6 64.Qd3+ Kg7 65.Qd4+ Kf8 66.c4 Ke7 67.
Kf3 Qf5+ 68.Ke3 Qa5 69.c5 Ke6 70.Qe4+ Kf6 71.Qf4+ Ke6 72.Qd6+ Kf5 73.Kf3 
Qe1 74.Qf4+ Ke6 75.Qe4+ 1-0

[Event "45th World U20 ch"]
[Site "Yerevan ARM"]
[Date "2006.10.05"]
[Round "3.3"]
[White "Nechepurenko, Roman"]
[Black "Vitiugov, Nikita"]
[Result "0-1"]
[WhiteElo "2479"]
[BlackElo "2596"]
[EventDate "2006.10.02"]
[PlyCount "116"]

1.d4 Nf6 2.Nf3 e6 3.Bg5 c5 4.e3 Be7 5.Nbd2 b6 6.Bd3 Bb7 7.O-O O-O 8.c3 Nc6
9.Re1 cxd4 10.exd4 Nd5 11.Bxe7 Ncxe7 12.Bf1 f5 13.c4 Nf6 14.Rc1 Ng6 15.Ne5
Qc7 16.Ndf3 Nxe5 17.Nxe5 d6 18.Nd3 Rfe8 19.h3 Rad8 20.b4 e5 21.c5 e4 22.c6
Bc8 23.Nf4 d5 24.Qd2 g5 25.Ne2 f4 26.Nc3 a6 27.f3 e3 28.Qc2 Kg7 29.b5 a5 
30.Na4 Be6 31.Bd3 Rb8 32.Bf5 Bf7 33.Nb2 Re7 34.Nd3 Rh8 35.Ne5 Be8 36.Qc3 
Bf7 37.a4 Ne8 38.g3 Nd6 39.Bd7 Bg6 40.Qb3 Nf5 41.Qxd5 Nxg3 42.Nc4 Rf8 43.
Qd6 Qxd6 44.Nxd6 Rd8 45.Nc8 Rexd7 46.cxd7 Rxd7 47.Nxb6 Rxd4 48.Nc4 Nf5 49.
Red1 Nh4 50.Rxd4 Nxf3+ 51.Kf1 Nxd4 52.Rc3 Bf5 53.b6 Bxh3+ 54.Ke1 Bg2 55.
Nxa5 g4 56.Nc4 g3 57.Rd3 Be4 58.b7 g2 0-1

[Event "45th World U20 ch"]
[Site "Yerevan ARM"]
[Date "2006.10.05"]
[Round "3.6"]
[White "Babuian, Levon"]
[Black "Deepan Chakravarthy, Jeyakumar"]
[Result "1/2-1/2"]
[WhiteElo "2394"]
[BlackElo "2501"]
[EventDate "2006.10.02"]
[PlyCount "123"]

1.e4 e5 2.Nf3 Nc6 3.Bb5 a6 4.Ba4 Nf6 5.O-O Be7 6.Re1 b5 7.Bb3 O-O 8.c3 d5 
9.exd5 Nxd5 10.Nxe5 Nxe5 11.Rxe5 c6 12.d4 Bd6 13.Re1 Qh4 14.g3 Qh3 15.Re4 
g5 16.Qf1 Qxf1+ 17.Kxf1 Bf5 18.Nd2 h6 19.Re1 Rae8 20.Nf3 g4 21.Bxh6 gxf3 
22.Bxf8 Rxf8 23.Bd1 Bg4 24.a4 Rd8 25.axb5 axb5 26.Kg1 Kg7 27.h3 Bxh3 28.
Bxf3 Be6 29.Ra6 Rc8 30.Rea1 Be7 31.Ra8 Rxa8 32.Rxa8 b4 33.Ra6 bxc3 34.Bxd5
Bxd5 35.bxc3 Bf3 36.Ra5 Bf6 37.Kf1 Kg6 38.Ke1 Bg5 39.Ra7 f6 40.Re7 Kf5 41.
c4 Bc1 42.Re8 Bb2 43.Rd8 Bc3+ 44.Kf1 Bb2 45.d5 cxd5 46.cxd5 Be5 47.Kg1 Ke4
48.Kh2 Kd4 49.Kh3 Kc5 50.Kh4 Bd6 51.Re8 Be5 52.Ra8 Kxd5 53.Ra3 Be4 54.f3 
Bg6 55.f4 Bd6 56.Ra5+ Ke6 57.Kg4 Bc2 58.f5+ Kf7 59.Kh4 Be7 60.Kh5 Bb3 61.
Kh6 Bd1 62.Kh7 1/2-1/2

[Event "45th World U20 ch"]
[Site "Yerevan ARM"]
[Date "2006.10.05"]
[Round "3.9"]
[White "Filippov, Anton"]
[Black "Khairullin, Ildar"]
[Result "1/2-1/2"]
[WhiteElo "2501"]
[BlackElo "2543"]
[EventDate "2006.10.02"]
[PlyCount "54"]

1.e4 c5 2.Nc3 d6 3.Bb5+ Bd7 4.Bxd7+ Qxd7 5.Nf3 Nc6 6.O-O g6 7.d3 Bg7 8.Bg5
Nf6 9.Nd5 Nxd5 10.exd5 Ne5 11.Nd2 h6 12.Bh4 Qg4 13.Bg3 Qd4 14.Bxe5 Bxe5 
15.Qf3 Qxb2 16.Rab1 Qxa2 17.Rxb7 Qxc2 18.Nc4 Qc3 19.Rfb1 Bf6 20.R7b3 Qd4 
21.Rb8+ Rxb8 22.Rxb8+ Kd7 23.Rb7+ Ke8 24.Rb8+ Kd7 25.Rb7+ Ke8 26.Rb8+ Kd7 
27.Rb7+ Ke8 1/2-1/2

[Event "45th World U20 ch"]
[Site "Yerevan ARM"]
[Date "2006.10.05"]
[Round "3.11"]
[White "Corrales Jimenez, Fidel"]
[Black "Pashikian, Arman"]
[Result "0-1"]
[WhiteElo "2496"]
[BlackElo "2527"]
[EventDate "2006.10.02"]
[PlyCount "156"]

1.e4 e5 2.Nf3 Nc6 3.Bb5 a6 4.Ba4 Nf6 5.O-O Be7 6.Re1 b5 7.Bb3 O-O 8.h3 Bb7
9.d3 d6 10.a3 Na5 11.Ba2 c5 12.Nc3 Nc6 13.Nd5 Nxd5 14.Bxd5 Qc7 15.c3 Nb8 
16.Bxb7 Qxb7 17.d4 Nd7 18.a4 c4 19.b4 exd4 20.Nxd4 Bf6 21.Bf4 Ne5 22.Bxe5 
Bxe5 23.Qd2 g6 24.f4 Bg7 25.e5 Qd5 26.Qe3 dxe5 27.fxe5 Rfe8 28.Nf3 Rad8 
29.axb5 axb5 30.Ra7 Ra8 31.Ra5 h6 32.Qd4 Qxd4+ 33.Nxd4 Rxa5 34.bxa5 Ra8 
35.Nc6 Ra6 36.Ne7+ Kf8 37.Nd5 Rxa5 38.e6 fxe6 39.Rxe6 Ra1+ 40.Kf2 Rd1 41.
Nc7 Rb1 42.Nd5 Rd1 43.Nc7 Rb1 44.Nd5 Rb2+ 45.Kf3 Rb3 46.Re3 b4 47.Nxb4 
Bxc3 48.Nc2 Bd2 49.Rxb3 cxb3 50.Na3 Kf7 51.Ke4 Kf6 52.Kd3 Bb4 53.Nc4 Kf5 
54.Ne3+ Ke6 55.Nd1 Ke5 56.Kc4 Be1 57.Kxb3 Kf4 58.Kc4 Ke4 59.Nb2 Bg3 60.Nd1
h5 61.Nc3+ Ke3 62.Kd5 Kf2 63.Ke6 Kxg2 64.Kf6 Kxh3 65.Ne4 Kg4 66.Kxg6 h4 
67.Nf6+ Kf4 68.Kh5 h3 69.Ng4 Be1 70.Nh2 Bf2 71.Ng4 Be1 72.Nh2 Kg3 73.Nf1+ 
Kf3 74.Kg5 Bf2 75.Nh2+ Kg2 76.Ng4 Kg3 77.Kh5 Bd4 78.Kg5 Bc3 0-1

[Event "45th World U20 ch"]
[Site "Yerevan ARM"]
[Date "2006.10.05"]
[Round "3.13"]
[White "Magalashvili, Davit"]
[Black "Amin, Bassem"]
[Result "0-1"]
[WhiteElo "2459"]
[BlackElo "2504"]
[EventDate "2006.10.02"]
[PlyCount "132"]

1.d4 Nf6 2.c4 g6 3.Nc3 Bg7 4.g3 O-O 5.Bg2 d6 6.e3 e5 7.Nge2 Re8 8.O-O e4 
9.f3 exf3 10.Bxf3 Nc6 11.Nf4 Bf5 12.Nfd5 Nxd5 13.Nxd5 Qd7 14.Bd2 Bd3 15.
Rf2 Bxc4 16.Rc1 Bxd5 17.Bxd5 Nd8 18.Bg2 d5 19.b4 a6 20.Qb3 c6 21.a4 Ne6 
22.b5 axb5 23.axb5 Ng5 24.bxc6 bxc6 25.Qb6 Rac8 26.Rc3 Ne4 27.Bxe4 Rxe4 
28.Ra3 Qe8 29.Rc3 h5 30.Qb7 Re7 31.Qb3 Bh6 32.Rf3 Qd7 33.Qc2 Kg7 34.Bc1 
Re4 35.Qf2 Qe6 36.Rb3 Re8 37.Qc2 Re7 38.Kg2 h4 39.Ba3 h3+ 40.Kf1 Qg4 41.
Kf2 Rc7 42.Bd6 Ra7 43.Qb2 Kh7 44.Bb8 Rae7 45.Bd6 Rd7 46.Be5 Bg7 47.Rb7 Qe6
48.Bxg7 Kxg7 49.Qb6 Rxb7 50.Qxb7 Rg4 51.Qa7 Rg5 52.Qa2 Qe4 53.Qe2 Rf5 54.
Rxf5 Qxf5+ 55.Qf3 Qc2+ 56.Qe2 Qxe2+ 57.Kxe2 Kf6 58.Kf3 Kg5 59.Ke2 Kg4 60.
Kf2 g5 61.Ke2 Kf5 62.Kf2 g4 63.Kf1 Ke4 64.Ke2 f6 65.Kd2 Kf3 66.Kd3 Kg2 0-1

[Event "45th World U20 ch"]
[Site "Yerevan ARM"]
[Date "2006.10.05"]
[Round "3.15"]
[White "Zhou Jianchao"]
[Black "Kalashian, David"]
[Result "1-0"]
[WhiteElo "2522"]
[BlackElo "2381"]
[EventDate "2006.10.02"]
[PlyCount "55"]

1.Nf3 Nf6 2.c4 e6 3.Nc3 Bb4 4.Qc2 O-O 5.a3 Bxc3 6.Qxc3 b6 7.e3 Bb7 8.Be2 
a5 9.b3 d6 10.Bb2 Nbd7 11.O-O e5 12.d4 Ne4 13.Qc2 Ng5 14.Nxg5 Qxg5 15.d5 
Qe7 16.e4 g6 17.b4 f5 18.exf5 gxf5 19.f4 exf4 20.Rae1 axb4 21.axb4 Qh4 22.
Bd3 Qg5 23.h4 Qxh4 24.Bxf5 Nf6 25.Be6+ Kg7 26.Re4 Kh6 27.Rexf4 Ng4 28.Bg7+
1-0

[Event "45th World U20 ch"]
[Site "Yerevan ARM"]
[Date "2006.10.05"]
[Round "3.23"]
[White "Warakomski, Tomasz"]
[Black "Arngrimsson, Dagur"]
[Result "1-0"]
[WhiteElo "2446"]
[BlackElo "2305"]
[EventDate "2006.10.02"]
[PlyCount "107"]

1.e4 e5 2.Nf3 Nc6 3.Bb5 a6 4.Ba4 Nf6 5.O-O Be7 6.Re1 b5 7.Bb3 d6 8.c3 O-O 
9.h3 Na5 10.Bc2 c5 11.d4 Qc7 12.Nbd2 Rd8 13.b3 c4 14.b4 Nc6 15.d5 Nb8 16.
a4 bxa4 17.Qe2 a5 18.Qxc4 Qxc4 19.Nxc4 axb4 20.cxb4 Na6 21.Bd2 Bd7 22.Nb6 
Rab8 23.Nxd7 Rxd7 24.Rxa4 Nc7 25.Rea1 Nb5 26.Ra8 Rdd8 27.Rxb8 Rxb8 28.Bd3 
Nc7 29.Ne1 Nd7 30.Nc2 Kf8 31.Ra7 Bd8 32.Ne3 Nb6 33.Ra1 g6 34.Rc1 Ke7 35.
Kf1 Kd7 36.Ra1 Rb7 37.Ke2 Bg5 38.g3 Rb8 39.h4 Bh6 40.Ra7 Nc8 41.Ra5 Ne7 
42.Be1 f5 43.f3 f4 44.Ng4 Bg7 45.gxf4 exf4 46.Nf2 Be5 47.Bc2 Kd8 48.Nd3 
Nb5 49.Nxe5 Nd4+ 50.Kd3 dxe5 51.Bd1 Nc8 52.Bc3 Kc7 53.Bxd4 exd4 54.Kxd4 
1-0

[Event "45th World U20 ch"]
[Site "Yerevan ARM"]
[Date "2006.10.05"]
[Round "3.24"]
[White "Pile, Richard"]
[Black "Kim, Alexey"]
[Result "1/2-1/2"]
[WhiteElo "2290"]
[BlackElo "2428"]
[EventDate "2006.10.02"]
[PlyCount "51"]

1.e4 c6 2.Nc3 d5 3.Nf3 dxe4 4.Nxe4 Nf6 5.Nxf6+ gxf6 6.d4 Bg4 7.Be2 e6 8.
Bf4 Bd6 9.Qd2 Qc7 10.Bg3 h5 11.c4 Nd7 12.O-O-O O-O-O 13.Bxd6 Qxd6 14.Qe3 
Kb8 15.Rd2 h4 16.h3 Bxf3 17.Bxf3 f5 18.Rhd1 Nf8 19.b4 Ng6 20.Qc3 Rd7 21.a4
Rhd8 22.Kc2 Qf4 23.Qe3 Qd6 24.Qc3 Qf4 25.Qe3 Qd6 26.Qc3 1/2-1/2

[Event "45th World U20 ch"]
[Site "Yerevan ARM"]
[Date "2006.10.05"]
[Round "3.26"]
[White "Wen Yang"]
[Black "Ciganovic, Nikola"]
[Result "1-0"]
[WhiteElo "2416"]
[BlackElo "2258"]
[EventDate "2006.10.02"]
[PlyCount "69"]

1.e4 e5 2.Nf3 Nc6 3.Bc4 Nf6 4.d3 Bc5 5.c3 d6 6.Bb3 a6 7.Nbd2 h6 8.O-O O-O 
9.Nc4 b5 10.Ne3 Bb6 11.a4 Bb7 12.Nh4 Ne7 13.Nef5 Nxf5 14.Nxf5 Kh7 15.Qf3 
Ng8 16.Qg3 g6 17.Nh4 Qe8 18.Be3 f5 19.exf5 gxf5 20.Bxb6 cxb6 21.f4 e4 22.
axb5 Ne7 23.bxa6 Bxa6 24.Rfe1 d5 25.dxe4 dxe4 26.Rad1 Qc6 27.Nf3 Ng6 28.
Nd4 Qf6 29.Ne6 Rf7 30.Ng5+ hxg5 31.fxg5 Qg7 32.Qh3+ Kg8 33.Rd7 Ne5 34.Rxf7
Nxf7 35.Qxf5 1-0

[Event "45th World U20 ch"]
[Site "Yerevan ARM"]
[Date "2006.10.05"]
[Round "3.27"]
[White "Alaverdian, Gevorg"]
[Black "Zarkua, Davit"]
[Result "1/2-1/2"]
[WhiteElo "2202"]
[BlackElo "2411"]
[EventDate "2006.10.02"]
[PlyCount "138"]

1.Nf3 Nf6 2.d4 c5 3.g3 cxd4 4.Nxd4 e5 5.Nb3 d5 6.Bg2 Nc6 7.O-O Be6 8.Be3 
Be7 9.Bc5 O-O 10.c3 b6 11.Bxe7 Qxe7 12.N1d2 Rfd8 13.Nc1 Rac8 14.Qa4 e4 15.
Ndb3 Bd7 16.Nd4 Na5 17.Qc2 h5 18.Ncb3 Nc4 19.Qc1 a5 20.Nd2 Nd6 21.Re1 e3 
22.Nf1 exf2+ 23.Kxf2 h4 24.Qf4 hxg3+ 25.Nxg3 Ng4+ 26.Kg1 Qe3+ 27.Qxe3 Nxe3
28.Nf1 Nxg2 29.Kxg2 Nc4 30.b3 Nd6 31.Ne3 Rxc3 32.Nxd5 Bh3+ 33.Kg1 Rc5 34.
Nf4 Rg5+ 35.Kf2 Bc8 36.e3 Ne4+ 37.Ke2 Ba6+ 38.Kf3 Bb7 39.Ke2 Re5 40.Rac1 
Nc5 41.Kd2 Re4 42.Kc3 Ba6 43.Rcd1 Rc8 44.Kb2 Rce8 45.Rg1 R4e5 46.h4 Kh8 
47.Nc2 Bb7 48.Rd6 b5 49.Rg5 Be4 50.Rd8 Rxd8 51.Rxe5 Rc8 52.Nd4 b4 53.Rg5 
a4 54.bxa4 Nxa4+ 55.Kb3 Nc3 56.Rh5+ Kg8 57.Ra5 Nd1 58.Kxb4 Nxe3 59.Rc5 Rd8
60.Nfe2 f5 61.a4 f4 62.Re5 Bd3 63.Nc6 Nc2+ 64.Kc3 Rc8 65.Rc5 f3 66.Ng3 Kh7
67.Kd2 Bg6 68.h5 Be8 69.Rxc2 Bxc6 1/2-1/2

[Event "45th World U20 ch"]
[Site "Yerevan ARM"]
[Date "2006.10.06"]
[Round "4.5"]
[White "Deepan Chakravarthy, Jeyakumar"]
[Black "Zhao Jun"]
[Result "1/2-1/2"]
[WhiteElo "2501"]
[BlackElo "2539"]
[EventDate "2006.10.02"]
[PlyCount "188"]

1.e4 c5 2.Nf3 Nc6 3.d4 cxd4 4.Nxd4 Nf6 5.Nc3 e5 6.Ndb5 d6 7.Bg5 a6 8.Na3 
b5 9.Bxf6 gxf6 10.Nd5 f5 11.c3 Bg7 12.Bd3 Be6 13.Qh5 O-O 14.O-O f4 15.Rad1
Ne7 16.c4 Bxd5 17.cxd5 Qa5 18.Bb1 Qb4 19.Nc2 Qc4 20.b3 Qc8 21.Ne1 Qd7 22.
Rc1 Rac8 23.Nd3 Rxc1 24.Rxc1 Rc8 25.Qd1 Bf6 26.Rxc8+ Qxc8 27.Qc2 Qb7 28.g3
fxg3 29.hxg3 Qb6 30.Kg2 h5 31.Qe2 Qd4 32.Ne1 h4 33.Nf3 Qc3 34.Bd3 hxg3 35.
fxg3 Ng6 36.Qc2 Qxc2+ 37.Bxc2 Bd8 38.Bd3 Bb6 39.Ne1 Ne7 40.Nc2 Kg7 41.Kf3 
Nc8 42.Nb4 a5 43.Nc6 Na7 44.Ne7 Kf6 45.Nf5 Bc5 46.Kg4 Kg6 47.Nh4+ Kf6 48.
Kh5 Nc8 49.Bxb5 Ne7 50.Kg4 Bb4 51.Ng2 Bd2 52.Bd7 Ng8 53.Kf3 Ke7 54.Bf5 Kd8
55.Ke2 Bc1 56.Ne1 Kc7 57.Nd3 Ba3 58.Kf3 Nf6 59.Kg2 Kd8 60.Kf3 Ne8 61.Ne1 
Nc7 62.Nc2 Bc5 63.Ke2 Na6 64.a3 Nc7 65.b4 axb4 66.axb4 Bg1 67.Kf1 Ba7 68.
Ke2 Nb5 69.Kd3 Bf2 70.g4 Kc7 71.Kc4 Nd4 72.Na3 Be1 73.Nb1 f6 74.Na3 Kb6 
75.Bd7 Bd2 76.Ba4 Be1 77.Bd7 Kc7 78.Be8 Kb6 79.Ba4 Ka6 80.Bc2 Kb6 81.Bd3 
Ka6 82.Nb1 Kb6 83.Nc3 Bxc3 84.Kxc3 Nf3 85.Kc2 Nh4 86.Kd2 Ng6 87.Ke3 Nf4 
88.Bf1 Ng6 89.Kf3 Kc7 90.Kg3 Kb7 91.Bb5 Kb6 92.Be8 Nf4 93.Kh4 Ka6 94.Bd7 
Kb6 1/2-1/2

[Event "45th World U20 ch"]
[Site "Yerevan ARM"]
[Date "2006.10.06"]
[Round "4.14"]
[White "Nasri, Amin"]
[Black "Meier, Georg"]
[Result "0-1"]
[WhiteElo "2227"]
[BlackElo "2484"]
[EventDate "2006.10.02"]
[PlyCount "94"]

1.d4 e6 2.c4 b6 3.Nc3 Bb7 4.e4 Bb4 5.Qc2 Qh4 6.Bd3 f5 7.g3 Qh5 8.f3 Nc6 9.
Be3 fxe4 10.fxe4 Nf6 11.Qe2 Qa5 12.Rc1 e5 13.Nf3 exd4 14.Nxd4 Ne5 15.Bd2 
O-O 16.Nb3 Nxd3+ 17.Qxd3 Qe5 18.Nd5 Bxd5 19.Bxb4 Bxe4 20.Qe2 c5 21.Bc3 Qf5
22.Rf1 Qg6 23.Kd2 Bf5 24.Rce1 Ne4+ 25.Kc1 Nxc3 26.bxc3 Bd3 27.Rxf8+ Rxf8 
28.Qe7 Qf7 29.Qxf7+ Kxf7 30.Nd2 Re8 31.Rxe8 Kxe8 32.Kd1 Kd8 33.Ke1 Kc7 34.
Kf2 Kb7 35.Ke3 Bc2 36.g4 Ka6 37.Nf3 Bb1 38.a3 Ka5 39.Kd2 Ka4 40.Kc1 Ba2 
41.Kb2 Bxc4 42.g5 Bd5 43.Ne5 d6 44.Ng4 a5 45.h4 b5 46.h5 Be6 47.h6 gxh6 
0-1

[Event "45th World U20 ch"]
[Site "Yerevan ARM"]
[Date "2006.10.06"]
[Round "4.15"]
[White "Gorovets, Andrei"]
[Black "Nechepurenko, Roman"]
[Result "1/2-1/2"]
[WhiteElo "2368"]
[BlackElo "2479"]
[EventDate "2006.10.02"]
[PlyCount "57"]

1.e4 c5 2.Nc3 Nc6 3.g3 g6 4.Bg2 Bg7 5.d3 d6 6.Bg5 f6 7.Be3 e5 8.f4 Nge7 9.
Nge2 O-O 10.O-O Rb8 11.h3 b5 12.a3 Nd4 13.g4 f5 14.gxf5 gxf5 15.Ng3 fxe4 
16.Ncxe4 Nef5 17.Bxd4 Nxd4 18.fxe5 Rxf1+ 19.Qxf1 Bxe5 20.Qf2 Nb3 21.Re1 
Bd4 22.Re3 Bxe3 23.Qxe3 Nd4 24.Qh6 Qe7 25.Nf6+ Kh8 26.Nd5 Qg7 27.Qxd6 Qxg3
28.Qf8+ Qg8 29.Qf6+ 1/2-1/2

[Event "45th World U20 ch"]
[Site "Yerevan ARM"]
[Date "2006.10.06"]
[Round "4.16"]
[White "Baramidze, David"]
[Black "Toufighi, Homayoon"]
[Result "1-0"]
[WhiteElo "2585"]
[BlackElo "2386"]
[EventDate "2006.10.02"]
[PlyCount "105"]

1.e4 e6 2.d4 d5 3.Nc3 Bb4 4.e5 c5 5.a3 Bxc3+ 6.bxc3 Ne7 7.Nf3 Bd7 8.Bd3 c4
9.Be2 Ba4 10.h4 Nbc6 11.h5 h6 12.Bf4 Qd7 13.O-O O-O-O 14.Re1 Qe8 15.Nh2 
Qg8 16.Bg4 Qh7 17.Rc1 Kb8 18.Bh3 Ka8 19.Nf1 Nf5 20.g4 Nfe7 21.Bg3 Rhg8 22.
Kh2 Rdf8 23.Bh4 g5 24.Bg3 f5 25.exf6 Rxf6 26.Nd2 Rgf8 27.Kg1 Nc8 28.Re3 
Qd7 29.Nf3 R6f7 30.Qe2 Nd6 31.Rxe6 Rxf3 32.Bxd6 Rxc3 33.Bxf8 Nxd4 34.Qe3 
Rxe3 35.Rxe3 Ne6 36.Bxh6 d4 37.Re5 d3 38.cxd3 cxd3 39.Rd5 Qe8 40.Rxd3 Bc6 
41.Re1 a6 42.Rd6 Qf7 43.Rdxe6 Qf3 44.Rxc6 bxc6 45.Re3 Qd1+ 46.Kg2 Qd5+ 47.
Rf3 c5 48.Bg7 c4 49.Kg1 Ka7 50.Rg3 Qd1+ 51.Bf1 Kb6 52.h6 Qb1 53.Rc3 1-0

[Event "45th World U20 ch"]
[Site "Yerevan ARM"]
[Date "2006.10.06"]
[Round "4.17"]
[White "Geller, Jakov"]
[Black "Valeanu, Eduard-Andrei"]
[Result "1/2-1/2"]
[WhiteElo "2501"]
[BlackElo "2361"]
[EventDate "2006.10.02"]
[PlyCount "108"]

1.e4 c5 2.Nc3 d6 3.Nf3 Nf6 4.d4 cxd4 5.Nxd4 a6 6.Bc4 e6 7.a4 Nc6 8.Be3 Be7
9.O-O O-O 10.Kh1 d5 11.exd5 exd5 12.Ba2 Re8 13.f3 Ba3 14.Nxd5 Bxb2 15.Nxc6
bxc6 16.Bb6 Qd7 17.Nc7 Bxa1 18.Qxa1 Rb8 19.Nxe8 Qxe8 20.Bd4 Be6 21.Re1 Qd8
22.Bxe6 fxe6 23.Rxe6 Qd7 24.Re1 Re8 25.Bxf6 Rxe1+ 26.Qxe1 gxf6 27.h4 Kf7 
28.Qe2 Qd4 29.Qe4 Qxe4 30.fxe4 Ke6 31.Kh2 Ke5 32.Kg3 Kxe4 33.Kg4 c5 34.Kh5
c4 35.Kh6 c3 36.Kxh7 Ke3 37.h5 Kd2 38.h6 Kxc2 39.Kg8 Kb3 40.h7 c2 41.h8=Q 
c1=Q 42.Qxf6 Qc8+ 43.Kg7 Kxa4 44.Qd4+ Kb3 45.g4 Qc3 46.Qxc3+ Kxc3 47.g5 a5
48.g6 a4 49.Kf7 a3 50.g7 a2 51.g8=Q Kb2 52.Qg7+ Kb1 53.Ke6 a1=Q 54.Qxa1+ 
Kxa1 1/2-1/2

[Event "45th World U20 ch"]
[Site "Yerevan ARM"]
[Date "2006.10.06"]
[Round "4.18"]
[White "Mareco, Sandro"]
[Black "Corrales Jimenez, Fidel"]
[Result "0-1"]
[WhiteElo "2335"]
[BlackElo "2496"]
[EventDate "2006.10.02"]
[PlyCount "98"]

1.c4 e5 2.Nc3 Nc6 3.g3 f5 4.Bg2 Nf6 5.a3 g6 6.b4 Bg7 7.e3 O-O 8.Nge2 e4 9.
d4 exd3 10.Qxd3 Ne5 11.Qd1 c6 12.c5 b6 13.cxb6 axb6 14.O-O Ne4 15.Rb1 b5 
16.Nxe4 fxe4 17.Bxe4 d5 18.Bg2 Nc4 19.Nd4 Bd7 20.Rb3 Kh8 21.Qd3 Qe7 22.Bd2
Rf7 23.Bc3 Kg8 24.e4 dxe4 25.Qxe4 Qxe4 26.Bxe4 Bxd4 27.Bxd4 Nd2 28.Re3 
Nxf1 29.Kxf1 Re8 30.f3 Re6 31.Kg2 Rd6 32.Bc3 Re7 33.g4 Kf7 34.Kg3 Bf5 35.
Kf4 Bxe4 36.fxe4 Ke6 37.g5 Red7 38.Re2 Rd1 39.Rc2 R7d3 40.Bf6 Rf1+ 41.Kg4 
h5+ 42.gxh6 Kxf6 43.Rxc6+ Kf7 44.Rc7+ Kg8 45.Kg5 Rdf3 46.Rc8+ Kh7 47.Rc7+ 
Rf7 48.Rxf7+ Rxf7 49.h4 Rf1 0-1

[Event "45th World U20 ch"]
[Site "Yerevan ARM"]
[Date "2006.10.06"]
[Round "4.19"]
[White "Gupta, Abhijeet"]
[Black "Hungaski, Robert"]
[Result "1-0"]
[WhiteElo "2481"]
[BlackElo "2366"]
[EventDate "2006.10.02"]
[PlyCount "61"]

1.d4 e6 2.c4 d5 3.Nc3 c6 4.Nf3 Nf6 5.Bg5 dxc4 6.e4 b5 7.e5 h6 8.Bh4 g5 9.
Nxg5 hxg5 10.Bxg5 Nbd7 11.exf6 Bb7 12.g3 Qb6 13.Bg2 O-O-O 14.O-O c5 15.d5 
b4 16.Na4 Qb5 17.a3 exd5 18.axb4 cxb4 19.Re1 Nc5 20.Nxc5 Bxc5 21.Re7 Rd7 
22.Qg4 Bxe7 23.fxe7 d4 24.Ra5 Qb6 25.Bh3 Bc6 26.Rd5 Qc7 27.Qxd4 Re8 28.
Bxd7+ Bxd7 29.Bf4 Qb7 30.Rc5+ Bc6 31.Qd6 1-0

[Event "45th World U20 ch"]
[Site "Yerevan ARM"]
[Date "2006.10.06"]
[Round "4.22"]
[White "Margvelashvili, Giorgi"]
[Black "Ong, Kezli"]
[Result "1-0"]
[WhiteElo "2456"]
[BlackElo "2328"]
[EventDate "2006.10.02"]
[PlyCount "81"]

1.Nf3 Nf6 2.c4 e6 3.g3 d5 4.Bg2 Be7 5.b3 c5 6.O-O O-O 7.e3 Nc6 8.Bb2 d4 9.
exd4 cxd4 10.Re1 Ne8 11.Na3 f6 12.d3 e5 13.Nc2 Nc7 14.Nh4 Be6 15.f4 Bd7 
16.Qd2 a5 17.Nf3 Bg4 18.h3 Bxf3 19.Bxf3 exf4 20.gxf4 Bb4 21.Nxb4 axb4 22.
a3 bxa3 23.Bxa3 Re8 24.b4 Rxe1+ 25.Qxe1 Qd6 26.Qc1 Qe6 27.b5 Nd8 28.Kg2 
Qe3 29.Qxe3 dxe3 30.f5 g6 31.b6 Ne8 32.Bd5+ Kh8 33.fxg6 hxg6 34.Kf3 Ng7 
35.Bb2 Rxa1 36.Bxa1 Nh5 37.Kxe3 Kg7 38.c5 g5 39.Bxb7 Nxb7 40.c6 Nc5 41.c7 
1-0

[Event "45th World U20 ch"]
[Site "Yerevan ARM"]
[Date "2006.10.06"]
[Round "4.23"]
[White "Kim, Alexey"]
[Black "Sangma, Rahul"]
[Result "1-0"]
[WhiteElo "2428"]
[BlackElo "2301"]
[EventDate "2006.10.02"]
[PlyCount "49"]

1.e4 e5 2.Nf3 Nc6 3.Bc4 Bc5 4.d3 Nf6 5.Bb3 O-O 6.c3 d5 7.Qe2 d4 8.Nbd2 Qe7
9.Nf1 b5 10.a3 dxc3 11.bxc3 Na5 12.Bc2 Bd6 13.Ng3 c5 14.O-O Re8 15.Re1 Qc7
16.Bg5 Nd7 17.Nf5 Nf8 18.Nxd6 Qxd6 19.d4 Nc4 20.dxe5 Nxe5 21.Rad1 Nxf3+ 
22.Qxf3 Qa6 23.e5 Be6 24.h4 Qxa3 25.Ra1 1-0

[Event "45th World U20 ch"]
[Site "Yerevan ARM"]
[Date "2006.10.06"]
[Round "4.28"]
[White "Kalashian, David"]
[Black "Alaverdian, Gevorg"]
[Result "0-1"]
[WhiteElo "2381"]
[BlackElo "2202"]
[EventDate "2006.10.02"]
[PlyCount "58"]

1.d4 Nf6 2.c4 c5 3.Nf3 cxd4 4.Nxd4 g6 5.Nc3 Nc6 6.e4 Qa5 7.Nb3 Qd8 8.Be2 
Bg7 9.O-O O-O 10.c5 d6 11.cxd6 exd6 12.Bf4 Re8 13.f3 d5 14.exd5 Nb4 15.Bb5
Bd7 16.Bxd7 Qxd7 17.d6 Qc6 18.Kh1 Rad8 19.Rc1 Qb6 20.a3 Nh5 21.d7 Re7 22.
Na4 Qb5 23.Rc8 Nc6 24.Rxd8+ Nxd8 25.Bd6 Rxd7 26.Re1 Bf8 27.Re8 Rxd6 28.
Rxf8+ Kg7 29.Nd4 Kxf8 0-1

[Event "45th World U20 ch"]
[Site "Yerevan ARM"]
[Date "2006.10.06"]
[Round "4.30"]
[White "Rej, Tomek"]
[Black "Esen, Baris"]
[Result "1/2-1/2"]
[WhiteElo "2257"]
[BlackElo "2464"]
[EventDate "2006.10.02"]
[PlyCount "103"]

1.d4 d5 2.c4 c6 3.Nf3 Nf6 4.Nc3 e6 5.cxd5 exd5 6.Bg5 Bf5 7.e3 Nbd7 8.Bd3 
Bg6 9.O-O Be7 10.Rb1 a5 11.Qc2 O-O 12.Bxg6 hxg6 13.a3 Nb6 14.Ne5 Ne8 15.
Bxe7 Qxe7 16.Na4 Nxa4 17.Qxa4 Nd6 18.Rbc1 g5 19.Qd1 g6 20.f4 Kg7 21.Qd3 
Ne4 22.f5 gxf5 23.Rxf5 f6 24.Ng4 Nd6 25.Rf3 Qe4 26.Nf2 Qxd3 27.Nxd3 Rae8 
28.Nc5 Rf7 29.b3 Rfe7 30.Rcf1 f5 31.g4 fxg4 32.Rf6 Nf7 33.Nd3 Nh6 34.Ne5 
Re6 35.R6f2 Rxe5 36.dxe5 Rxe5 37.Rf6 Rxe3 38.Rd6 Re7 39.Rff6 Nf7 40.Rg6+ 
Kf8 41.Rdf6 d4 42.Rxg5 d3 43.Rxg4 Rd7 44.Rf1 d2 45.Rd1 Ne5 46.Rg3 a4 47.
Kf1 axb3 48.Rxb3 Nc4 49.Ke2 Re7+ 50.Kf2 b5 51.Rd3 Rh7 52.Kg2 1/2-1/2

[Event "45th World U20 ch"]
[Site "Yerevan ARM"]
[Date "2006.10.07"]
[Round "5.3"]
[White "Pantsulaia, Levan"]
[Black "Deepan Chakravarthy, Jeyakumar"]
[Result "1-0"]
[WhiteElo "2596"]
[BlackElo "2501"]
[EventDate "2006.10.02"]
[PlyCount "103"]

1.Nf3 c5 2.c4 Nc6 3.d4 cxd4 4.Nxd4 Nf6 5.Nc3 e6 6.e3 Be7 7.Be2 O-O 8.O-O 
b6 9.b3 Bb7 10.Ndb5 Qb8 11.Bb2 Rd8 12.Rc1 a6 13.Nd4 Nxd4 14.Qxd4 Bc6 15.e4
Bd6 16.Nd5 Bxh2+ 17.Kh1 exd5 18.cxd5 Re8 19.dxc6 Rxe4 20.Qd3 Be5 21.Bxe5 
Qxe5 22.Kg1 dxc6 23.Bf3 Rd4 24.Qe3 Qxe3 25.fxe3 Rd6 26.Bxc6 Rad8 27.Bf3 
Nd7 28.Rfd1 Rxd1+ 29.Rxd1 Kf8 30.Rd6 Ke7 31.Rc6 a5 32.Rc7 Kd6 33.Rc6+ Ke5 
34.Rc7 f5 35.Be2 Kd6 36.Rb7 Kc6 37.Bf3+ Kb5 38.Rc7 Kb4 39.Rc4+ Ka3 40.Ra4+
Kb2 41.b4 g5 42.bxa5 g4 43.Be2 Nc5 44.Rd4 Re8 45.axb6 Rxe3 46.Kf2 Re8 47.
a4 h5 48.a5 h4 49.a6 Kc3 50.Rd1 Ne4+ 51.Kg1 Kc2 52.Bb5 1-0

[Event "45th World U20 ch"]
[Site "Yerevan ARM"]
[Date "2006.10.07"]
[Round "5.4"]
[White "Stellwagen, Daniel"]
[Black "Amin, Bassem"]
[Result "1-0"]
[WhiteElo "2576"]
[BlackElo "2504"]
[EventDate "2006.10.02"]
[PlyCount "103"]

1.e4 e5 2.Nf3 Nc6 3.Bb5 a6 4.Ba4 Nf6 5.O-O Nxe4 6.d4 b5 7.Bb3 d5 8.dxe5 
Be6 9.Nbd2 Be7 10.c3 Nc5 11.Bc2 O-O 12.Nd4 Qd7 13.N2f3 Nxd4 14.Nxd4 f5 15.
Re1 Ne4 16.f3 Ng5 17.a4 g6 18.b4 Nf7 19.Bb3 c6 20.Be3 Rfc8 21.Re2 Nd8 22.
Rea2 Rab8 23.axb5 axb5 24.f4 Bf7 25.Ra7 Rc7 26.Rxc7 Qxc7 27.g4 Ne6 28.gxf5
Nxd4 29.fxg6 Nxb3 30.gxf7+ Kxf7 31.Ra7 Rb7 32.Qh5+ Kg8 33.Ra2 Bf8 34.Rg2+ 
Kh8 35.Qd1 Qc8 36.Qxb3 Rg7 37.Qc2 Rxg2+ 38.Qxg2 Qf5 39.Bd4 Bg7 40.Qg5 Qb1+
41.Kf2 h6 42.Qg4 Qe4 43.h3 Qd3 44.f5 Qd2+ 45.Kf1 Qc1+ 46.Ke2 Qc2+ 47.Ke1 
Qc1+ 48.Qd1 Qf4 49.f6 Bf8 50.e6 Qh4+ 51.Kd2 Qg5+ 52.Kc2 1-0

[Event "45th World U20 ch"]
[Site "Yerevan ARM"]
[Date "2006.10.07"]
[Round "5.5"]
[White "Zhao Jun"]
[Black "Filippov, Anton"]
[Result "0-1"]
[WhiteElo "2539"]
[BlackElo "2501"]
[EventDate "2006.10.02"]
[PlyCount "90"]

1.Nf3 Nf6 2.c4 c6 3.d4 d5 4.e3 a6 5.Bd3 e6 6.O-O Nbd7 7.b3 Bd6 8.Bb2 O-O 
9.Nbd2 c5 10.cxd5 exd5 11.Qc2 h6 12.Rad1 cxd4 13.Bxd4 Re8 14.Qb2 b6 15.Bf5
Bf8 16.b4 Qe7 17.Rb1 Bb7 18.Rfc1 Qd6 19.Rd1 Bc6 20.h3 Ba4 21.Rdc1 Ne4 22.
a3 Rad8 23.Nxe4 dxe4 24.Bxd7 Rxd7 25.Ne5 Rb7 26.Ng4 h5 27.Nh2 Qg6 28.Rc3 
Rd7 29.Kh1 Rd5 30.h4 Be7 31.g3 Bf6 32.Bxf6 Qxf6 33.Rcc1 Qf5 34.Rg1 Qe5 35.
Qe2 Bb5 36.Qe1 Red8 37.g4 Rd2 38.gxh5 Qxh5 39.Rg5 Qxh4 40.Qg1 Be2 41.Rxg7+
Kh8 42.Rxf7 Rd1 43.Rxd1 Rxd1 44.Rf8+ Kh7 45.Rf7+ Kh6 0-1